000 00472nam a2200145 4500
001 116081
003 ES-MaACL
005 20230906190628.0
007 t|
008 061121s1971 sp r ||||1| spa d
245 0 0 _aPatente industrial 376821, para recuperación y rectificación de aceites de los residuos producidos en las almazaras.
260 _aToledo :
_b[s. n.],
_c1971 (
_fImp. Rofi)
300 _a33 f., 1 lám. ;
_c22 cm.
852 _aES-MaACL
_jC-44586
_bR.78608
999 _c116081
_d116081